000 00301nam a2200133 i 4500
001 bg
245 0 _aFazovye prevrascenija v metallach i splavach.
260 _aSverdlovsk,
_c1975.
040 _cBPK
041 _apol
080 _a669.1
942 _cKS
008 s pl f |000 0 pol
999 _c17050
_d17050
856 _uhttp://koha.tu.koszalin.pl/cgi-bin/koha/opac-detail.pl?biblionumber=17050
_yKatalog online BPK